[Event "19th Hogeschool Zeeland Tournament"]
[Site "Vlissingen"]
[Date "2015.08.06"]
[Round "7"]
[Board "31"]
[White "Timmermans, Ivo"]
[Black "Van Houtte, Randy"]
[Result "1/2-1/2"]
[WhiteElo "2183"]
[BlackElo "1977"]
[PlyCount "119"]
[EventDate "2015.08.01"]
[EventRounds "9"]
[EventCountry "NED"]

1. d4 d6 2. e4 g6 3. Nc3 Bg7 4. f4 Nf6 5. Bd3 O-O 6. Nf3 Bg4 7. Be3 Nc6 8. h3
Bxf3 9. Qxf3 Nd7 10. Qf2 Nb4 11. Bf1 c5 12. O-O-O Qa5 13. Kb1 Nc6 14. Ne2 Rfd8
15. g4 cxd4 16. Nxd4 Nc5 17. Bg2 Rac8 18. Nxc6 bxc6 19. Bxc5 Qxc5 20. Qxc5 dxc5
21. c3 e5 22. f5 Bf6 23. Kc2 Kg7 24. Bf3 Rxd1 25. Rxd1 Rd8 26. Rxd8 Bxd8 27.
Kd3 Kf8 28. Kc4 Be7 29. g5 Ke8 30. f6 Bd6 31. Bd1 Kd7 32. Ba4 Bf8 33. Kd3 Bd6
34. Bb3 Ke8 35. Bc4 Bf8 36. Kc2 Bd6 37. Kb3 Bc7 38. a3 Bd6 39. Ba6 Kd7 40. Kc4
Bf8 41. a4 Bd6 42. a5 Bf8 43. Kb3 Bd6 44. Bc4 Ke8 45. Ka4 Bf8 46. b4 cxb4 47.
cxb4 Bd6 48. Ba6 Kd7 49. Kb3 Bc7 50. Kc4 Bd6 51. b5 cxb5+ 52. Bxb5+ Kd8 53. Kd5
Bb4 54. Kxe5 Bxa5 55. Kf4 Bd2+ 56. Kg4 Bc3 57. h4 Be5 58. Ba6 Ke8 59. h5 Bd6
60. hxg6 1/2-1/2

[Event "19th Hogeschool Zeeland Tournament"]
[Site "Vlissingen"]
[Date "2015.08.06"]
[Round "7"]
[Board "32"]
[White "Hammann, Jonas"]
[Black "Bezemer, Arno"]
[Result "0-1"]
[WhiteElo "1845"]
[BlackElo "2305"]
[PlyCount "108"]
[EventDate "2015.08.01"]
[EventRounds "9"]
[EventCountry "NED"]

1. d4 Nf6 2. c4 g6 3. Nc3 d5 4. cxd5 Nxd5 5. Bd2 Nb6 6. Bg5 Bg7 7. e3 O-O 8.
Nf3 Be6 9. Be2 c6 10. O-O N8d7 11. Rc1 Re8 12. Ne4 f6 13. Bh4 Kh8 14. Nfd2 a5
15. Nc4 Bd5 16. Nxb6 Qxb6 17. Nc3 Bf7 18. Na4 Qa7 19. Qc2 Nb6 20. Nxb6 Qxb6 21.
Bc4 Bxc4 22. Qxc4 e6 23. Rc2 Rad8 24. Rd1 Rd5 25. a4 e5 26. Rcd2 Red8 27. Qc3
exd4 28. Rxd4 Rxd4 29. exd4 g5 30. Bg3 f5 31. f3 Rxd4 32. Rxd4 Bxd4+ 33. Bf2
Bxc3 34. Bxb6 Bxb2 35. Bxa5 b5 36. axb5 cxb5 37. Kf1 Kg7 38. Ke2 Kf7 39. Kd3
Ke6 40. Bd2 Bf6 41. g4 Kd5 42. gxf5 Ke5 43. Kc3 Be7 44. h3 Kxf5 45. Kd4 Bd6 46.
Kd5 Bf4 47. Bb4 Be3 48. Bd6 h5 49. Kc6 b4 50. Bxb4 Kf4 51. Kd5 Kxf3 52. Kc4 h4
53. Kd3 g4 54. Be7 gxh3 0-1

[Event "19th Hogeschool Zeeland Tournament"]
[Site "Vlissingen"]
[Date "2015.08.06"]
[Round "7"]
[Board "33"]
[White "Yankelevich, Lev"]
[Black "Van Der Zalm, Marnix"]
[Result "1-0"]
[WhiteElo "2420"]
[BlackElo "2074"]
[PlyCount "71"]
[EventDate "2015.08.01"]
[EventRounds "9"]
[EventCountry "NED"]

1. d4 d6 2. Nf3 g6 3. c4 f5 4. Nc3 Nf6 5. Bf4 Bg7 6. e3 O-O 7. c5 c6 8. cxd6
exd6 9. Bc4+ d5 10. Be2 Ne4 11. h4 h6 12. Nxe4 fxe4 13. Ne5 Kh7 14. g4 Nd7 15.
Nxd7 Bxd7 16. g5 hxg5 17. hxg5+ Kg8 18. Qd2 Qe7 19. O-O-O a5 20. f3 Bf5 21.
fxe4 Qxe4 22. Bd3 Qxd3 23. Qxd3 Bxd3 24. Rxd3 Rf7 25. Kc2 Rd8 26. Rd2 Rdd7 27.
Kd3 Kf8 28. Rc2 Rd8 29. Rc5 Ra8 30. a4 Kg8 31. Rc2 Re8 32. Rch2 Rd8 33. Be5 Kf8
34. Rh8+ Ke7 35. Rxd8 Kxd8 36. Rh7 1-0

[Event "19th Hogeschool Zeeland Tournament"]
[Site "Vlissingen"]
[Date "2015.08.06"]
[Round "7"]
[Board "34"]
[White "Dijkstra, Arjan"]
[Black "Provoost, Simon"]
[Result "0-1"]
[WhiteElo "2051"]
[BlackElo "2240"]
[PlyCount "66"]
[EventDate "2015.08.01"]
[EventRounds "9"]
[EventCountry "NED"]

1. e4 c5 2. Nf3 e6 3. d4 cxd4 4. Nxd4 a6 5. Nc3 Qc7 6. Bd3 Nf6 7. O-O Bc5 8.
Be3 b5 9. f4 Qb6 10. Nce2 Ng4 11. Qd2 d6 12. b4 Nxe3 13. Qxe3 Bxb4 14. e5 Nc6
15. c3 dxe5 16. fxe5 Bxc3 17. Be4 Bxd4 18. Bxc6+ Qxc6 19. Nxd4 Qb6 20. Rf4 Bb7
21. Raf1 Rf8 22. Qf2 O-O-O 23. Rc1+ Kb8 24. Nc6+ Qxc6 25. Rxc6 Bxc6 26. h3 Rd7
27. Kh2 Bb7 28. Qc2 f5 29. exf6 gxf6 30. Rf2 f5 31. Qc5 Re8 32. Qe5+ Ka8 33.
Rxf5 Rd5 0-1

[Event "19th Hogeschool Zeeland Tournament"]
[Site "Vlissingen"]
[Date "2015.08.06"]
[Round "7"]
[Board "35"]
[White "Polster, Christian"]
[Black "Hovenga, Alje"]
[Result "1-0"]
[WhiteElo "1989"]
[BlackElo "2232"]
[PlyCount "55"]
[EventDate "2015.08.01"]
[EventRounds "9"]
[EventCountry "NED"]

1. e4 c5 2. Nf3 Nc6 3. d4 cxd4 4. Nxd4 Nf6 5. Nc3 d6 6. Bg5 e6 7. Qd2 a6 8.
O-O-O Bd7 9. f3 b5 10. Kb1 h6 11. Nxc6 Bxc6 12. Be3 Qc7 13. g4 Rc8 14. h4 b4
15. Ne2 Nxe4 16. fxe4 Bxe4 17. Nd4 Bxh1 18. Bxa6 Bb7 19. Bb5+ Kd8 20. Qf2 Be4
21. Nxe6+ fxe6 22. Bb6 Bxc2+ 23. Kc1 Bd3+ 24. Kd2 Bxb5 25. Rc1 Kd7 26. Bxc7 Be7
27. Qb6 Ba4 28. Qb7 1-0

[Event "19th Hogeschool Zeeland Tournament"]
[Site "Vlissingen"]
[Date "2015.08.06"]
[Round "7"]
[Board "36"]
[White "Greevenbosch, Henk"]
[Black "Yogesh, Gautam"]
[Result "0-1"]
[WhiteElo "1979"]
[BlackElo "2207"]
[PlyCount "110"]
[EventDate "2015.08.01"]
[EventRounds "9"]
[EventCountry "NED"]

1. c4 e6 2. Nc3 f5 3. g3 Nf6 4. Bg2 d5 5. cxd5 exd5 6. d4 Be7 7. Bg5 c6 8. Bxf6
Bxf6 9. f4 Qb6 10. Nf3 Qxb2 11. Rc1 O-O 12. O-O Nd7 13. Qd3 Qb4 14. Ne5 Bxe5
15. fxe5 Nb6 16. h4 Qe7 17. Rf4 h5 18. Rcf1 Be6 19. Nd1 c5 20. Ne3 c4 21. Qc2
g6 22. Rb1 Rad8 23. Nd1 Nc8 24. Nc3 b6 25. a4 a6 26. Na2 Qa7 27. Nb4 Ne7 28.
Qa2 Rb8 29. Qd2 b5 30. a5 Rbd8 31. Rff1 Kg7 32. Nc2 Nc6 33. Bf3 Kh7 34. Qf4 Qe7
35. Kg2 b4 36. Qd2 b3 37. Ne3 Nb4 38. Nd1 Na2 39. Nc3 Nxc3 40. Qxc3 Rb8 41. Qe3
Rb5 42. Qd2 Rfb8 43. Rfc1 Qd8 44. Rf1 Qxa5 45. Qf4 Qd8 46. Qd2 a5 47. e3 a4 48.
e4 dxe4 49. Bxe4 Rxe5 50. Bf3 Bd5 51. Kh3 Bxf3 52. Rxf3 Re4 53. d5 a3 54. d6 a2
55. Qd5 axb1=Q 0-1

[Event "19th Hogeschool Zeeland Tournament"]
[Site "Vlissingen"]
[Date "2015.08.06"]
[Round "7"]
[Board "37"]
[White "Boelhouwer, Collin"]
[Black "Ackermann, Frank"]
[Result "0-1"]
[WhiteElo "2158"]
[BlackElo "2035"]
[PlyCount "54"]
[EventDate "2015.08.01"]
[EventRounds "9"]
[EventCountry "NED"]

1. e4 c5 2. Nf3 d6 3. d4 cxd4 4. Nxd4 Nf6 5. Nc3 a6 6. Bg5 e6 7. f4 Nbd7 8. Qe2
Qc7 9. O-O-O Be7 10. g4 h6 11. Bh4 b5 12. a3 Rb8 13. Bg3 Nc5 14. h4 Nfxe4 15.
Nxe6 fxe6 16. Nxe4 b4 17. Nxc5 Qxc5 18. Bf2 Qc7 19. Rh3 d5 20. axb4 Qxf4+ 21.
Kb1 Rxb4 22. Rc3 Qb8 23. b3 Bf6 24. Bg3 Qb7 25. Be5 Re4 26. Qxe4 dxe4 27. Rc7
Bxe5 0-1

[Event "19th Hogeschool Zeeland Tournament"]
[Site "Vlissingen"]
[Date "2015.08.06"]
[Round "7"]
[Board "38"]
[White "Ratsma, Midas"]
[Black "Van Der Eyk, Dick"]
[Result "1-0"]
[WhiteElo "2150"]
[BlackElo "2014"]
[PlyCount "53"]
[EventDate "2015.08.01"]
[EventRounds "9"]
[EventCountry "NED"]

1. d4 d5 2. c4 dxc4 3. e4 e5 4. Nf3 exd4 5. Bxc4 Bb4+ 6. Bd2 Bxd2+ 7. Nbxd2 Nc6
8. O-O Nf6 9. e5 Nd5 10. Qb3 Nce7 11. Nxd4 O-O 12. N2f3 c6 13. Rfe1 Qb6 14. e6
f5 15. Qa3 c5 16. Nb3 Nb4 17. Rac1 Rf6 18. Ne5 Qc7 19. Bf1 a5 20. Nxc5 Nec6 21.
e7 Nxe7 22. Qb3+ Nbd5 23. Ncd7 Qd6 24. Nxf6+ Qxf6 25. a3 a4 26. Qc4 b5 27.
Qxc8+ 1-0

[Event "19th Hogeschool Zeeland Tournament"]
[Site "Vlissingen"]
[Date "2015.08.06"]
[Round "7"]
[Board "39"]
[White "Van Driel, Eric"]
[Black "Rosmuller, Anton"]
[Result "0-1"]
[WhiteElo "1953"]
[BlackElo "2142"]
[PlyCount "90"]
[EventDate "2015.08.01"]
[EventRounds "9"]
[EventCountry "NED"]

1. d4 Nf6 2. c4 g6 3. Nc3 Bg7 4. Nf3 d6 5. Bf4 Nh5 6. Bg5 Na6 7. e3 O-O 8. Be2
Qe8 9. O-O c5 10. d5 h6 11. Bh4 Nc7 12. Nd2 Nf6 13. Bg3 Rb8 14. e4 Nd7 15. f4
f5 16. exf5 gxf5 17. Bh5 Qd8 18. Qe2 Nf6 19. Rae1 e6 20. Bh4 exd5 21. cxd5 b5
22. Bxf6 Qxf6 23. Qe7 Rb7 24. Qxf6 Bxf6 25. Bf3 a5 26. Re2 a4 27. a3 Ra7 28.
Nd1 Ba6 29. Ne3 Bd4 30. Kh1 b4 31. Nec4 Nb5 32. Re6 Bg7 33. Rfe1 Bc8 34. Re7
Rxe7 35. Rxe7 Bf6 36. Re3 Nd4 37. Bd1 Bb7 38. Bxa4 Bxd5 39. Nxd6 Bg7 40. axb4
cxb4 41. Ne8 Bh8 42. Nc7 Bf7 43. b3 Rc8 44. Re7 Bf6 45. Rd7 Be6 0-1

[Event "19th Hogeschool Zeeland Tournament"]
[Site "Vlissingen"]
[Date "2015.08.06"]
[Round "7"]
[Board "40"]
[White "Zepeda, Lorena"]
[Black "Van Rij, Gert"]
[Result "1/2-1/2"]
[WhiteElo "2121"]
[BlackElo "1989"]
[PlyCount "52"]
[EventDate "2015.08.01"]
[EventRounds "9"]
[EventCountry "NED"]

1. e4 e6 2. d3 d5 3. Nd2 Nf6 4. Ngf3 b6 5. g3 dxe4 6. dxe4 Bb7 7. Qe2 Nc6 8. a3
e5 9. Bg2 a5 10. O-O Ba6 11. c4 Be7 12. b3 O-O 13. Bb2 Nd7 14. Rfd1 Bd6 15. Nf1
Qe8 16. Ne3 Nc5 17. Qc2 Bb7 18. Nd5 Rd8 19. Nh4 Ne6 20. Nf5 Ncd4 21. Qd3 Bxd5
22. Nxd4 Nc5 23. Qe3 exd4 24. Qxd4 Ne6 25. Qxd5 Bxa3 26. Qe5 Bxb2 1/2-1/2

[Event "19th Hogeschool Zeeland Tournament"]
[Site "Vlissingen"]
[Date "2015.08.06"]
[Round "7"]
[Board "41"]
[White "Stange, Sven"]
[Black "De Boer, Eelke"]
[Result "0-1"]
[WhiteElo "2108"]
[BlackElo "1976"]
[PlyCount "88"]
[EventDate "2015.08.01"]
[EventRounds "9"]
[EventCountry "NED"]

1. d4 f5 2. Nc3 Nf6 3. Bg5 d5 4. Bxf6 exf6 5. e3 c6 6. Bd3 Bd6 7. Nge2 Qe7 8.
Qd2 g6 9. h4 h5 10. O-O-O Kf7 11. Nf4 b5 12. Rh3 b4 13. Na4 Nd7 14. Be2 Nb6 15.
Nc5 Re8 16. Ncd3 Nc4 17. Qe1 Rg8 18. b3 Na3 19. Rg3 Bb7 20. Rxg6 Rxg6 21. Bxh5
Rag8 22. Nxg6 Rxg6 23. f4 Qf8 24. g4 Qh6 25. Bxg6+ Kxg6 26. g5 fxg5 27. hxg5
Qh3 28. Rd2 Ba6 29. Qg1 Bxd3 30. cxd3 Qf3 31. Rh2 Bxf4 32. exf4 Qxd3 33. Qh1
Qb1+ 34. Kd2 Qxa2+ 35. Ke3 Qxb3+ 36. Kf2 Qc2+ 37. Kg3 Qd3+ 38. Qf3 Qxf3+ 39.
Kxf3 b3 40. Rh6+ Kg7 41. Rxc6 b2 42. Rc7+ Kg6 43. Rc6+ Kf7 44. Rc7+ Ke6 0-1

[Event "19th Hogeschool Zeeland Tournament"]
[Site "Vlissingen"]
[Date "2015.08.06"]
[Round "7"]
[Board "42"]
[White "Boulahfa, Hicham"]
[Black "Dardha, Daniel"]
[Result "1/2-1/2"]
[WhiteElo "2101"]
[BlackElo "1941"]
[PlyCount "127"]
[EventDate "2015.08.01"]
[EventRounds "9"]
[EventCountry "NED"]

1. e4 c5 2. Nf3 Nc6 3. d4 cxd4 4. Nxd4 e5 5. Nb5 d6 6. c4 Be7 7. Be2 f5 8. exf5
Bxf5 9. Bg4 Bg6 10. O-O Bf7 11. b3 Nf6 12. Bf3 O-O 13. Re1 e4 14. Be2 a6 15.
N5c3 Qa5 16. Bd2 Qf5 17. Na3 Ne5 18. Nc2 Nfg4 19. Bxg4 Nxg4 20. Nxe4 Nxf2 21.
Nxf2 Bh5 22. Qc1 Qxf2+ 23. Kh1 Bf6 24. Be3 Qh4 25. Rb1 Be5 26. Bg1 Bf4 27. Ne3
Bg6 28. Rb2 Rf5 29. Nxf5 Bxc1 30. Nxh4 Bxb2 31. Nxg6 hxg6 32. Re6 Rf8 33. Rxd6
Rf1 34. g3 Ba3 35. Rd8+ Kh7 36. Kg2 Rb1 37. Rd2 g5 38. g4 Kg6 39. c5 Rc1 40.
Rd6+ Kh7 41. Rd5 Rc2+ 42. Kf3 Rxa2 43. Rxg5 Rb2 44. Bd4 Rxb3+ 45. Ke4 g6 46.
Rd5 Bb2 47. Rd7+ Kg8 48. Bxb2 Rxb2 49. Ke5 Rb5 50. Kf6 Rxc5 51. Kxg6 Rc6+ 52.
Kf5 b5 53. Rb7 a5 54. g5 a4 55. Rxb5 Ra6 56. Rb8+ Kh7 57. Rb7+ Kg8 58. Rb8+ Kh7
59. Rb7+ Kg8 60. Rb2 a3 61. Ra2 Kg7 62. Kg4 Ra4+ 63. Kf5 Ra5+ 64. Kg4 1/2-1/2

[Event "19th Hogeschool Zeeland Tournament"]
[Site "Vlissingen"]
[Date "2015.08.06"]
[Round "7"]
[Board "43"]
[White "Bulthuis, Jelle"]
[Black "De Wolf, Johan"]
[Result "1/2-1/2"]
[WhiteElo "1907"]
[BlackElo "2088"]
[PlyCount "51"]
[EventDate "2015.08.01"]
[EventRounds "9"]
[EventCountry "NED"]

1. e4 d5 2. exd5 Nf6 3. d4 Nxd5 4. Nf3 Bg4 5. Be2 Nc6 6. O-O e6 7. b3 Be7 8. c4
Nb6 9. Be3 Bf6 10. Na3 O-O 11. Nc2 Qd7 12. Qd2 Rad8 13. Rad1 h6 14. h3 Bf5 15.
Bd3 Bxd3 16. Qxd3 Rfe8 17. Nh2 Be7 18. a3 Bf8 19. Qc3 Qe7 20. Bc1 g6 21. Rfe1
Bg7 22. Qe3 Qf8 23. Qf4 e5 24. dxe5 Rxd1 25. Rxd1 Nxe5 26. Ng4 1/2-1/2

[Event "19th Hogeschool Zeeland Tournament"]
[Site "Vlissingen"]
[Date "2015.08.06"]
[Round "7"]
[Board "44"]
[White "Thienpondt, Mardoek"]
[Black "Haak, Eelco"]
[Result "0-1"]
[WhiteElo "1859"]
[BlackElo "2081"]
[PlyCount "84"]
[EventDate "2015.08.01"]
[EventRounds "9"]
[EventCountry "NED"]

1. e4 e6 2. d4 d5 3. Nc3 Bb4 4. exd5 exd5 5. Bd3 Nc6 6. Nge2 Nge7 7. Bg5 f6 8.
Bf4 Bg4 9. O-O Qd7 10. f3 Bf5 11. Bxf5 Nxf5 12. Qd3 O-O-O 13. Nb5 Bd6 14. Nxd6+
Nxd6 15. Ng3 g6 16. c3 Rde8 17. a4 Rhg8 18. a5 h5 19. b4 h4 20. Ne2 Qf5 21. Qd1
Rxe2 22. Qxe2 Re8 23. Qd2 Nc4 24. Qc1 g5 25. Bd2 h3 26. Re1 Rh8 27. Re2 hxg2
28. Rxg2 Rh3 29. Qe1 Nd8 30. Bc1 Rxf3 31. Raa2 Nd6 32. Raf2 Ne4 33. Rxf3 Qxf3
34. Bd2 Qh3 35. b5 Nf7 36. c4 f5 37. Bxg5 dxc4 38. Bh4 Kd7 39. Qb4 Qxh4 40. Rg7
Qf2+ 41. Kh1 Qf1+ 42. Rg1 Nf2# 0-1

[Event "19th Hogeschool Zeeland Tournament"]
[Site "Vlissingen"]
[Date "2015.08.06"]
[Round "7"]
[Board "45"]
[White "Sturm, Pieter"]
[Black "Westerweele, Henrik"]
[Result "0-1"]
[WhiteElo "2077"]
[BlackElo "1904"]
[PlyCount "78"]
[EventDate "2015.08.01"]
[EventRounds "9"]
[EventCountry "NED"]

1. Nc3 d5 2. e4 e6 3. f4 Nf6 4. e5 Nfd7 5. Nf3 c5 6. d3 Nc6 7. g3 b5 8. Bd2 Qb6
9. Bg2 Be7 10. O-O O-O 11. Ne2 a5 12. c3 Ba6 13. Qc2 b4 14. Rac1 Rab8 15. Be3
b3 16. axb3 Qxb3 17. c4 Qxb2 18. cxd5 Qxc2 19. Rxc2 Nb4 20. Rd2 Nxd5 21. Bf2
Rfc8 22. Ra1 Bd8 23. Ne1 Rb3 24. h3 Rcb8 25. Be4 Rb2 26. Ra2 Rxd2 27. Rxd2 Rb3
28. Kg2 a4 29. Nc1 Rb8 30. Na2 Ba5 31. Re2 a3 32. Bxd5 exd5 33. e6 fxe6 34.
Rxe6 Bxe1 35. Bxe1 Bxd3 36. Bc3 d4 37. Nc1 Bc4 38. Rd6 dxc3 39. Rxd7 Rb1 0-1

[Event "19th Hogeschool Zeeland Tournament"]
[Site "Vlissingen"]
[Date "2015.08.06"]
[Round "7"]
[Board "46"]
[White "Oude Brunink, Elias"]
[Black "Hoffman, Ron"]
[Result "1/2-1/2"]
[WhiteElo "1735"]
[BlackElo "2074"]
[PlyCount "101"]
[EventDate "2015.08.01"]
[EventRounds "9"]
[EventCountry "NED"]

1. e4 c5 2. Nf3 Nc6 3. d4 cxd4 4. Nxd4 e5 5. Nb5 d6 6. N1c3 a6 7. Na3 Be7 8.
Nc4 b5 9. Ne3 Nf6 10. Ned5 Be6 11. Nxf6+ Bxf6 12. Nd5 O-O 13. Bd3 Bg5 14. O-O
Bxc1 15. Rxc1 Bxd5 16. exd5 Ne7 17. c4 bxc4 18. Rxc4 Qb6 19. Qd2 Qb7 20. Qc2
Rfc8 21. Bxh7+ Kf8 22. Be4 f5 23. Bf3 e4 24. Be2 Qxd5 25. Rd1 Rxc4 26. Qxc4 Qe5
27. Qb4 Qc5 28. Qxc5 dxc5 29. Rd7 Rb8 30. b3 Nc6 31. Kf1 a5 32. Rc7 Rb6 33. Bc4
g6 34. Bd5 Nb4 35. Rxc5 Nxa2 36. Rxa5 Nc1 37. Ra3 Rd6 38. Ra1 Nd3 39. Bc4 Ne5
40. Ke2 Ke7 41. Ra7+ Kf6 42. h4 Nc6 43. Rb7 f4 44. Ke1 Nd4 45. Ra7 f3 46. gxf3
exf3 47. Ra6 Rxa6 48. Bxa6 Nxb3 49. Bb7 Nd4 50. Kd2 Nf5 51. Bxf3 1/2-1/2

[Event "19th Hogeschool Zeeland Tournament"]
[Site "Vlissingen"]
[Date "2015.08.06"]
[Round "7"]
[Board "47"]
[White "Den Hollander, Rinus"]
[Black "Neubronner, Jarred"]
[Result "0-1"]
[WhiteElo "1647"]
[BlackElo "2280"]
[PlyCount "58"]
[EventDate "2015.08.01"]
[EventRounds "9"]
[EventCountry "NED"]

1. d4 Nf6 2. c4 c5 3. d5 e6 4. Nc3 exd5 5. cxd5 d6 6. e4 g6 7. Nf3 Bg7 8. Be2
Bg4 9. O-O O-O 10. Bg5 Re8 11. Nd2 Bxe2 12. Qxe2 a6 13. a4 Nbd7 14. f4 Qc7 15.
Qf3 c4 16. Kh1 h6 17. Bh4 Rf8 18. Bf2 Rae8 19. Bd4 Nxe4 20. Bxg7 Nxd2 21. Qf2
Kxg7 22. Qxd2 Qc5 23. Rae1 Nf6 24. h3 b5 25. axb5 axb5 26. Rd1 b4 27. Nb1 Ne4
28. Qd4+ Qxd4 29. Rxd4 Ng3+ 0-1

[Event "19th Hogeschool Zeeland Tournament"]
[Site "Vlissingen"]
[Date "2015.08.06"]
[Round "7"]
[Board "48"]
[White "Delaere, Koen"]
[Black "Van Den Berg, Ad"]
[Result "0-1"]
[WhiteElo "1924"]
[BlackElo "2225"]
[PlyCount "76"]
[EventDate "2015.08.01"]
[EventRounds "9"]
[EventCountry "NED"]

1. c4 e5 2. g3 d6 3. Bg2 c6 4. Nc3 Be6 5. d3 Nf6 6. Nf3 h6 7. O-O Be7 8. a3 O-O
9. b4 Nbd7 10. b5 d5 11. bxc6 bxc6 12. cxd5 cxd5 13. a4 Bb4 14. Na2 Bd6 15. Nc3
a6 16. Ba3 Bxa3 17. Rxa3 Qa5 18. Qa1 d4 19. Nb1 Rac8 20. Nbd2 Rc2 21. Rc1 Rxd2
22. Nxd2 Qxd2 23. Kf1 Rb8 24. Rc6 a5 25. Qc1 Qb4 26. Ra1 Kh7 27. h3 g6 28. Kg1
Kg7 29. Kh2 Bd5 30. Bxd5 Nxd5 31. e3 dxe3 32. Rc2 exf2 33. Rxf2 Qd4 34. Qf1 Rb2
35. Ra2 Qxf2+ 36. Qxf2 Rxf2+ 37. Rxf2 Nc5 38. d4 exd4 0-1

[Event "19th Hogeschool Zeeland Tournament"]
[Site "Vlissingen"]
[Date "2015.08.06"]
[Round "7"]
[Board "49"]
[White "Verduyn, Frederic"]
[Black "Hemmes, Maarten"]
[Result "1-0"]
[WhiteElo "2199"]
[BlackElo "1903"]
[PlyCount "73"]
[EventDate "2015.08.01"]
[EventRounds "9"]
[EventCountry "NED"]

1. e4 c5 2. Nc3 Nc6 3. f4 g6 4. Nf3 Bg7 5. Bb5 Nd4 6. O-O a6 7. Bc4 e6 8. d3
Ne7 9. Nxd4 cxd4 10. Ne2 d6 11. Qe1 O-O 12. Kh1 Bd7 13. a4 b5 14. axb5 axb5 15.
Rxa8 Qxa8 16. Bb3 Qc8 17. Ng1 f5 18. Nf3 h6 19. e5 Qc5 20. exd6 Qxd6 21. Ne5
Be8 22. Bd2 Bf6 23. Bb4 Qb6 24. Qa1 Bxe5 25. Re1 Bf7 26. Rxe5 Re8 27. Bc5 Qc7
28. Bxe7 Rxe7 29. Qe1 Qc6 30. h3 Kg7 31. Qb4 Ra7 32. Qxd4 Rd7 33. Rd5+ e5 34.
Qxe5+ Kh7 35. Rxd7 Qxd7 36. Bxf7 Qxf7 37. Qxb5 1-0

[Event "19th Hogeschool Zeeland Tournament"]
[Site "Vlissingen"]
[Date "2015.08.06"]
[Round "7"]
[Board "50"]
[White "Van Doorn, Hans"]
[Black "Nicolai, Erik"]
[Result "1/2-1/2"]
[WhiteElo "1903"]
[BlackElo "2168"]
[PlyCount "83"]
[EventDate "2015.08.01"]
[EventRounds "9"]
[EventCountry "NED"]

1. d4 Nf6 2. Nf3 g6 3. b3 Bg7 4. Bb2 O-O 5. Nbd2 d6 6. e3 Nbd7 7. Bc4 e5 8.
dxe5 Ng4 9. Rb1 Ngxe5 10. O-O Nxc4 11. Nxc4 Nf6 12. a4 b6 13. Re1 Bb7 14. Ba3
Ne4 15. Bb2 Nc3 16. Bxc3 Bxc3 17. Rf1 Re8 18. Qd3 Bg7 19. Ncd2 a5 20. Rfc1 Qe7
21. Re1 Rad8 22. b4 axb4 23. Rxb4 Ra8 24. Qb3 Ra5 25. e4 Rc5 26. Rc4 d5 27.
Rxc5 Qxc5 28. e5 Qa5 29. Qb5 Ra8 30. Qd7 Qxa4 31. Qxc7 Qc6 32. Qe7 Re8 33. Qb4
Bf8 34. Qb3 d4 35. Ne4 Rd8 36. Nf6+ Kg7 37. Ne4 Rd5 38. Nf6 Rb5 39. Qd3 Rb4 40.
h3 Be7 41. Ne4 Qc4 42. Qd2 1/2-1/2

[Event "19th Hogeschool Zeeland Tournament"]
[Site "Vlissingen"]
[Date "2015.08.07"]
[Round "8"]
[Board "13"]
[White "Beshukov, Sergei"]
[Black "Goormachtigh, Johan"]
[Result "1/2-1/2"]
[WhiteElo "2382"]
[BlackElo "2191"]
[PlyCount "88"]
[EventDate "2015.08.01"]
[EventRounds "9"]
[EventCountry "NED"]

1. e4 c5 2. Nf3 e6 3. d4 cxd4 4. Nxd4 Nc6 5. Nc3 Qc7 6. Be3 a6 7. Be2 Nf6 8.
O-O Be7 9. f4 d6 10. Qe1 O-O 11. Qg3 Nxd4 12. Bxd4 b5 13. a3 Bb7 14. Kh1 Rad8
15. Rae1 Rd7 16. Bd3 Qd8 17. Qh3 Re8 18. Re3 h6 19. Rg3 Kh8 20. Nd1 e5 21. fxe5
dxe5 22. Bxe5 Bxe4 23. Bxe4 Rxd1 24. Rgf3 Kg8 25. Bd3 Rxf1+ 26. Rxf1 Qd7 27.
Qg3 Qg4 28. a4 Qxg3 29. Bxg3 bxa4 30. Ra1 a3 31. bxa3 a5 32. Be1 Bxa3 33. Bxa5
Bc5 34. g3 Ng4 35. Kg2 Ne5 36. Bb5 Rb8 37. c4 Ra8 38. Bc3 Rxa1 39. Bxa1 f6 40.
h3 h5 41. Ba4 Kf7 42. Bd1 g6 43. Be2 Ke6 44. Bb2 Kf5 1/2-1/2

[Event "19th Hogeschool Zeeland Tournament"]
[Site "Vlissingen"]
[Date "2015.08.07"]
[Round "8"]
[Board "14"]
[White "Linster, Philippe"]
[Black "Van Overdam, Julian"]
[Result "1-0"]
[WhiteElo "2219"]
[BlackElo "2367"]
[PlyCount "101"]
[EventDate "2015.08.01"]
[EventRounds "9"]
[EventCountry "NED"]

1. c4 e5 2. g3 f5 3. Nc3 Bb4 4. Nd5 Be7 5. Nf3 c6 6. Nxe7 Qxe7 7. d4 e4 8. Nh4
d5 9. cxd5 cxd5 10. Bh3 Qf6 11. Bf4 Nc6 12. Qd2 Nge7 13. Bg5 Qf7 14. f3 O-O 15.
O-O Be6 16. fxe4 dxe4 17. d5 Nxd5 18. Bxf5 Qd7 19. Bxe4 Ne5 20. Rxf8+ Rxf8 21.
Rd1 Nf6 22. Bxf6 Qxd2 23. Rxd2 gxf6 24. b3 b6 25. Nf3 Nxf3+ 26. Bxf3 Rc8 27.
Rd6 Rc1+ 28. Kf2 Kf7 29. Rc6 Ra1 30. Rc7+ Kg6 31. Rxa7 Bxb3 32. Rb7 Bc2 33. Bd5
Rd1 34. Bf7+ Kg5 35. Rxb6 f5 36. Bb3 Bxb3 37. Rxb3 Rc1 38. Re3 Rh1 39. Kg2 Re1
40. h4+ Kh5 41. Kf2 Ra1 42. Ra3 Kg6 43. Ra8 Kh5 44. a4 h6 45. a5 Ra4 46. Kf3
Ra3+ 47. e3 Ra4 48. a6 Kg6 49. a7 Kg7 50. h5 Kh7 51. Rf8 1-0

[Event "19th Hogeschool Zeeland Tournament"]
[Site "Vlissingen"]
[Date "2015.08.07"]
[Round "8"]
[Board "15"]
[White "Grochal, Joey"]
[Black "Erwich, Frank"]
[Result "0-1"]
[WhiteElo "2187"]
[BlackElo "2358"]
[PlyCount "86"]
[EventDate "2015.08.01"]
[EventRounds "9"]
[EventCountry "NED"]

1. d4 Nf6 2. c4 e6 3. Nf3 b6 4. g3 Bb7 5. Bg2 Be7 6. O-O O-O 7. Nc3 Ne4 8. Qc2
Nxc3 9. Qxc3 c5 10. Rd1 d6 11. b3 Bf6 12. Bb2 Qe7 13. Qd2 Nd7 14. dxc5 Bxb2 15.
Qxb2 Nxc5 16. Ne1 Rfd8 17. Rd2 Bxg2 18. Nxg2 Ne4 19. Rd3 Qb7 20. Rad1 b5 21.
cxb5 Qxb5 22. Nf4 Qb6 23. Qd4 Qxd4 24. Rxd4 d5 25. Rb4 Rdc8 26. Rb7 Rc2 27. a3
g5 28. Nh5 Rxe2 29. f3 Nd2 30. Rc1 Nxf3+ 31. Kf1 Rxh2 32. Nf6+ Kg7 33. Rc3 Ne5
34. Nd7 Nxd7 35. Rxd7 Rh6 36. Rcc7 Rf6+ 37. Ke2 a5 38. Ra7 Rb8 39. Rdb7 Rxb7
40. Rxb7 h5 41. b4 axb4 42. Rxb4 e5 43. Rb5 Ra6 0-1

[Event "19th Hogeschool Zeeland Tournament"]
[Site "Vlissingen"]
[Date "2015.08.07"]
[Round "8"]
[Board "16"]
[White "Heltzel, Joost"]
[Black "Kevlishvili, Robby"]
[Result "1/2-1/2"]
[WhiteElo "2216"]
[BlackElo "2357"]
[PlyCount "189"]
[EventDate "2015.08.01"]
[EventRounds "9"]
[EventCountry "NED"]

1. e4 c5 2. Nc3 d6 3. f4 g6 4. Nf3 Bg7 5. Bb5+ Bd7 6. Bc4 Nc6 7. O-O e6 8. d3
Nge7 9. Qe1 O-O 10. Qh4 Nd4 11. Nxd4 cxd4 12. Ne2 Rc8 13. Bb3 Nc6 14. Qxd8
Rfxd8 15. Bd2 h5 16. h3 h4 17. Kh1 f5 18. Rae1 Bf6 19. Ng1 Re8 20. Nf3 Kg7 21.
e5 dxe5 22. fxe5 Bd8 23. Re2 Rh8 24. Ng5 Bxg5 25. Bxg5 Rh5 26. Bf6+ Kf8 27. Ba4
g5 28. Bxc6 Bxc6 29. c4 dxc3 30. bxc3 Rc7 31. Rb2 Rd7 32. d4 Bd5 33. c4 Bxc4
34. Rc1 b5 35. a4 a6 36. Rd2 Kf7 37. axb5 axb5 38. Ra1 f4 39. Kg1 Kg6 40. Ra8
Kf5 41. Kf2 Ke4 42. Rg8 Rxd4 43. Rxd4+ Kxd4 44. Bxg5 Kxe5 45. Kf3 Bd5+ 46. Kg4
Rh7 47. Bxf4+ Kd4 48. Rg5 b4 49. Be5+ Kd3 50. Rg7 Rxg7+ 51. Bxg7 Bxg2 52. Kxh4
Ke4 53. Bb2 Kf4 54. Bc1+ Kf5 55. Bb2 Bf1 56. Bg7 Kf4 57. Bh6+ Kf3 58. Bg7 b3
59. Bb2 Bg2 60. Bg7 Kf4 61. Bh6+ Ke4 62. Bc1 e5 63. Kg3 Bxh3 64. Bb2 Be6 65.
Kf2 Bc4 66. Bc3 Bf7 67. Bb2 Kf4 68. Bc1+ Kf5 69. Ke3 e4 70. Bb2 Bd5 71. Bc1 Kg4
72. Kf2 Bc4 73. Bb2 Bd3 74. Bc1 Bc2 75. Bb2 Kf4 76. Bc1+ Ke5 77. Ke3 Bd1 78.
Bb2+ Kd5 79. Kd2 Bh5 80. Ke3 Bg6 81. Kd2 Ke6 82. Ke3 Kf5 83. Bc1 Kg4 84. Kf2
Bf5 85. Bb2 Bh7 86. Bc1 Bg6 87. Bb2 Kf4 88. Bc1+ e3+ 89. Bxe3+ Ke4 90. Bc1 Kd3
91. Bb2 Kc2 92. Be5 Be4 93. Bf6 Bg2 94. Kxg2 b2 95. Bxb2 1/2-1/2